000 00754nam a2200229 i 4500
001 6722
003 ES-MaACL
005 20230906145050.0
007 t|
008 900415s1981 sp ||||1| spa d
020 _a84-276-0548-X
080 _a323(46)"1973/1978"
080 _a9(46)"1973/1978"
100 1 _aGarcía San Miguel, Luis.
_955254
245 1 0 _aTeoría de la transición
_b: un análisis del modelo español, 1973-1978 /
_cLuis García San Miguel.
260 _aMadrid :
_bEditora Nacional,
_cD.L. 1981.
300 _a187 p. ;
_c22 cm.
500 _aIndice.
650 1 4 _aPartidos políticos-
_zEspaña-
_y1975-
_915865
651 4 _aEspaña-
_xPolítica y gobierno-
_y1975-1982.
_98447
852 _aES-MaACL
_jL-13379
_bR.113944
_z. - rust.
999 _c6722
_d6722